Microsoft Windows Server 2003 Entreprise Edition /

Guía de auto estudio para la preparación de los exámenes que Microsoft aplica para ser un ingeniero en sistemas certificado por la compañía norteamericana (Microsoft Certified Systems Engineer o MCSE); comprende cuatro volúmenes impresos y dos discos compactos. Contenido de la obra: v. 1: Planning a...

Täydet tiedot

Tallennettuna:
Bibliografiset tiedot
Yhteisötekijä: Microsoft
Aineistotyyppi: Elektroninen
Kieli:englanti
Julkaistu: Redmond, EUA : Microsoft, 2003, c2003
Sarja:(Core Requirements)
Aiheet:
Tagit: Lisää tagi
Ei tageja, Lisää ensimmäinen tagi!

MARC

LEADER 00000nmm^a2200000^a^4500
001 000156327
005 20250521000000.0
009 20260310100500.98
020 |a 0-7356-1953-0 
037 |a Acervo ITESO - Biblioteca 
041 |a ING 
082 |a 005. 71369  |b MCS V. 6 
110 |a Microsoft 
240 1 1 |a [MCSE Self-Paced Training Kit (Exams 70-290, 70-291, 70-293, 70-294): Microsoft Windows Server 2003 Core Requirements] 
245 1 0 |a Microsoft Windows Server 2003 Entreprise Edition /  |c Microsoft. 
264 4 |a Redmond, EUA :  |b Microsoft,  |c 2003, c2003 
300 |a 1 disco compacto de computadora 
336 |a datos para computadora  |b cod  |2 rdacontenido 
337 |a computadora  |b c  |2 rdamedio 
338 |a disco de computadora  |b cd  |2 rdasoporte 
440 1 |a (Core Requirements) 
520 |a Guía de auto estudio para la preparación de los exámenes que Microsoft aplica para ser un ingeniero en sistemas certificado por la compañía norteamericana (Microsoft Certified Systems Engineer o MCSE); comprende cuatro volúmenes impresos y dos discos compactos. Contenido de la obra: v. 1: Planning and Maintaining a Microsoft Server 2003 Environment (examen 70-290); v. 2: Implementing, Managing, and Mantaining a Microsoft Server 2003 Network Infrastructure (examen 70-291); v. 3: Planning and Mantaining a Microsoft Windows Server 2003 Network Infrastructure (examen 70-293); v. 4: Planning, Implementing, and Maintaining a Microsoft Windows Server 2003 Active Directory Infrastructure (examen 70-294); v. 5: disco compacto Microsoft Windows Server 2003 Core Requirements; v. 6: disco compacto con la edición de evaluación del sistema operativo. 
649 |a XX 
650 |a Sistemas Operativos 
650 |a Servidores (Computadoras) -  |x Administración 
650 |a Redes de Computadoras -  |x Administración 
650 |a Comunicación en Red 
650 |a Telecomunicaciones 
650 |a Paquetes (Software) 
650 |a Programación (Software) 
650 |a Sistemas Computacionales -  |x Administración 
650 |a Ingeniería Computacional 
910 |a Fondo General 
920 |a Electrónicos - Recursos en Disco 
905 |a 207 
901 |a SFW0000537  |b IT2  |c SWS  |u 20250521 
902 |a https://opac.biblio.iteso.mx/vufind/Record/000156327